000 01472nam1a2200361 i 4500
001 RU\NLR\BIBL_A\016289171
005 20240922090133.0
010 _a9785005932143
035 _a(NLR Aleph) 016289171
090 _a12939050
_c12939050
100 _a20230215g20229999u y0rusy50 ca
101 0 _arus
_deng
102 _aRU
105 _ay z 000 y
181 0 _ai4
_baxxe
182 0 _an
200 1 _aИзменяя миры
_dChanging worlds
_fАксарин Е. А.
_zeng
203 _aТекст
_bвизуальный
_cнепосредственный
210 _a[Б. м.]
_cИздательские решения
_d2022
215 _d21
300 _aОписано по обл. На тит. с. только частное загл. кн.: Книга 1 - Наука о психической энергии
300 _aАвт. также на англ. яз.: Aksarin E. A.
510 1 _6z22790
_aChanging worlds
_zeng
517 1 _aКнига 1 - Наука о психической энергии
606 1 _aОккультизм
_91388572
_3RU\NLR\AUTH\66270145
686 1 _aЭ391.4
700 1 _aАксарин
_bЕ. А.
_gЕвгений Александрович
790 1 _6z22510
_aAksarin
_bE. A.
_gEvgenij Aleksandrovič
852 _aNLR
_j2023-3/3100
942 _cBOOK